Cancer - My Chemical Romance - All Lyrics - Statistics

General Stats
  • This quiz has been taken 331 times
  • The average score is 128 of 147
Answer Stats
Answer % Correct
a
100%
I
99%
you
99%
of
97%
Oh,
97%
'cause
96%
'Cause
96%
the
96%
this
95%
and
94%
And
94%
hardest
94%
is
94%
leaving
94%
my
94%
My
94%
part
94%
to
94%
If
93%
if
93%
(If
93%
I'm
91%
me
91%
all
90%
away
90%
just
90%
Turn
90%
turn
90%
will
89%
are
88%
drink
88%
go,
88%
lips
88%
water
88%
chemo
86%
could
86%
from
86%
brothers,
85%
get
85%
not
85%
sisters
85%
be
83%
in
83%
bury
82%
colors
81%
favorite
81%
Know
81%
know
81%
soggy
81%
that
81%
chapped
80%
kiss
80%
faded
79%
Goodbye
79%
(Goodbye
79%
Marie
79%
never
79%
say
79%
say)
79%
Aunt
78%
Baby,
78%
Call
78%
see
78%
things
78%
body
77%
still
77%
today
77%
today)
77%
hair's
76%
marry
76%
agony
75%
ask
75%
true
75%
true)
75%
awful
74%
her
74%
gather
73%
days
72%
hope
72%
I'd
72%
(I'd
72%
Help
71%
abandoned
69%
down
69%
counting
68%
it
68%
Now
68%
living
66%
ain't
63%
But
38%
No matching quizzes found
Score Distribution
Percent of People with Each Score
Percentile by Number Answered
Your Score History
You have not taken this quiz